000
00404nam a22001697a 4500
003
MPLRDC
005
20220104142949.0
008
210129b ||||| |||| 00| 0 eng d
082
_a
220.7 AQC
100
_a
阿姜查
245
_a
以法为赠礼
_c
法园编译群译
250
_a
再版
260
_a
_b
圆光出版社
_c
1993
300
_b
平
650
_a
佛教杂论
942
_c
BK
_o
220.7 AQC
999
_c
35327
_d
35317